Systémová integrace

Salvato in:
Dettagli Bibliografici
Natura: Periodico
Lingua:ceco
Pubblicazione: Praha Česká společnost pro systémovou integraci 1996
Soggetti:
Tags: Aggiungi Tag
Nessun Tag, puoi essere il primo ad aggiungerne!!

MARC

LEADER 00000nas2a2200000 4500
001 s107524
005 20221221071736.7
022 |a 1210-9479 
041 0 |a cze 
044 |a CZ 
245 1 0 |a Systémová integrace 
264 1 |a Praha  |b Česká společnost pro systémovou integraci  |c 1996 
300 |a 1 zv. 
773 0 |w eu_un_cat*s120240 
610 2 0 |a softvér 
610 2 0 |a teória informácií 
610 2 0 |a informatika ekonomická